000 00265nam a2200109Ia 4500
008 170627s9999 xx 000 0 und d
100 _aJAIN- N.C.
245 0 _aESSENTIALS OF BUSINESS COMMUNICATION
260 _bAITBS
260 _c2006
546 _aENGLISH
690 _aTECHNICAL COMUNICATION
999 _c35447
_d35447